Normal view
MARC view
- McCormack, Brendan,
Entry Personal Name
001 - CONTROL NUMBER
- control field: 5953
003 - CONTROL NUMBER IDENTIFIER
- control field: URS
005 - DATE AND TIME OF LATEST TRANSACTION
- control field: 20240812224246.0
008 - FIXED-LENGTH DATA ELEMENTS
- fixed length control field: 240812|| aca||aabn | a|a d
040 ## - CATALOGING SOURCE
- Original cataloging agency: URS
100 ## - HEADING--PERSONAL NAME
- Personal name: McCormack, Brendan,
- Relator term: author of foreword.